Stolice Stanów Brazylii - Statystyki

Ogólne statystyki
  • Ten quiz został rozwiązany 9 razy
  • Średni wynik to 6 z 27
Statystyki odpowiedzi
Stan Ludność stolicy Odpowiedź % Poprawnych
Dystrykt Federalny 2 817 381 Brasília
100%
Rio de Janeiro 6 498 837 Rio de Janeiro
100%
São Paulo 12 325 232 São Paulo
100%
Pará 1 303 403 Belém
33%
Minas Gerais 2 315 560 Belo Horizonte
33%
Ceará 2 428 708 Fortaleza
33%
Goiás 1 437 366 Goiânia
33%
Paraná 1 773 718 Kurytyba
33%
Rio Grande do Sul 1 332 845 Porto Alegre
33%
Pernambuco 1 661 017 Recife
33%
Bahia 2 902 927 Salvador
33%
Roraima 249 655 Boa Vista
17%
Mato Grosso 568 000 Cuiabá
17%
Amazonas 2 063 689 Manaus
17%
Rio Grande do Norte 806 203 Natal
17%
Sergipe 672 614 Aracaju
0%
Mato Grosso do Sul 765 247 Campo Grande
0%
Santa Catarina 500 973 Florianópolis
0%
Paraíba 825 796 João Pessoa
0%
Amapá 437 256 Macapá
0%
Alagoas 996 733 Maceió
0%
Tocantins 271 018 Palmas
0%
Rondônia 428 527 Porto Velho
0%
Acre 336 038 Rio Branco
0%
Maranhão 1 108 975 São Luís
0%
Piauí 868 075 Teresina
0%
Espírito Santo 369 534 Vitória
0%
Nie znaleziono quizów pasujących do podanych kryteriów
Rozkład punktacji
Procent ludzi z każdym wynikiem
Percentyl według liczby udzielonych odpowiedzi
Twoja historia wyników
Nie rozwiązałeś tego quizu